000 00787nam a2200205Ii 4500
003 JO-AjNU
008 230605s9999||||xx |||||||||||||| ||und||
040 _aJO-AjNU
_bara
_erda
_cJO-AjNU
041 _aara
050 1 4 _aPJ7862.H67 2003
100 3 _aتأليف عبدالحكيم، شوقي,
_eauthor
_938106
245 0 0 _aالأعمال الكاملة: أحزان نوح - دم إبن يعقوب، الجزء الأول
264 3 1 _aالقاهرة: مكتبة الأسرة،2003 ؛ مهرجان القراءة للجميع 2003
300 _aج1، 283ص
336 _atext
_btxt
_2rdacontent
337 _aunmediated
_bn
_2rdamedia
338 _avolume
_bnc
_2rdacarrier
490 0 _aسلسلة الأعمال الكاملة
650 4 _aالأدب العربي - قصص
_938107
999 _aA15982
_c19550
_d19550